000 00283nam a22001337a 4500
008 210301b ||||| |||| 00| 0 eng d
020 _a0870062794
041 _aeng
080 _a621
100 _a26
101 _aMEK
245 _aModern Welding
_cAlthouse,D.A
942 _2udc
_cBK
999 _c55376
_d55376